Gay Marriage by Year Quiz Stats

 Plays Quiz not verified by Sporcle

Score 0/34 Timer 08:00
0 Plays Today
% Correct
2003
87.9%
2013
72.7%
2009
71.2%
2012
71.2%
2008
68.2%
2012
68.2%
2011
68.2%
2014
65.2%
2013
63.6%
2009
63.6%
2014
63.6%
2013
62.1%
2013
62.1%
2012
62.1%
2013
60.6%
2013
60.6%
2014
60.6%
% Correct
2013
59.1%
2009
59.1%
2014
59.1%
2014
57.6%
2013
57.6%
2009
57.6%
2014
56.1%
2014
45.5%
2014*
24.2%
2014
15.2%
2014
7.6%
2014
6.1%
0%
0%
2014
0%
2014*
0%
2014
0%

You're not logged in!

Compare scores with friends on all Sporcle quizzes.
OR
Log In

Show Comments

Extras

Top Quizzes Today


Score Distribution

Your Account Isn't Verified!

In order to create a playlist on Sporcle, you need to verify the email address you used during registration. Go to your Sporcle Settings to finish the process.

Report this User

Report this user for behavior that violates our Community Guidelines.

Details: